Statistics for Highest Rated Players on FIFA 14

Click here to take the quiz!

General Stats

  • This quiz has been taken 2,666 times
    (2,058 since last reset)
  • The average score is 32 of 50

Answer Stats

HintAnswer% Correct
Real Madrid92Cristiano Ronaldo
100%
Barcelona94Lionel Messi
100%
Barcelona89Andres Iniesta
92%
Bayern Munich88Arjen Robben
92%
Bayern Munich90Franck Ribery
91%
Barcelona89Xavi
91%
AS Monaco90Falcao
90%
PSG89Zlatan Ibrahimovic
90%
Manchester United87Wayne Rooney
89%
Manchester City88Sergio Aguero
87%
Manchester City88David Silva
84%
PSG87Thiago Silva
84%
Manchester United89Robin Van persie
83%
Liverpool86Luis Suarez
79%
Bayern Munich86Manuel Neuer
79%
Bayern Munich87Phillip Lahm
78%
Arsenal87Mesut Ozil
77%
Real Madrid86Sergio Ramos
74%
Borrusia Dortmund86Robert Lewandowski
72%
Real Madrid87Gareth Bale
71%
Borrusia Dortmund85Marco Reus
71%
PSG87Edinson Cavani
68%
Barcelona86Gerard Pique
65%
Real Madrid86Angel Di Maria
63%
Bayern Munich88Bastian Schweinsteiger
63%
Manchester United87Nemanja Vidic
62%
Manchester City86Vincent Kompany
62%
Chelsea85Eden Hazard
61%
Juventus86Gianluigi Buffon
61%
Manchester City86Yaya Toure
60%
Real Madrid85Karim Benzema
59%
Juventus86Andrea Pirlo
58%
Real Madrid86Iker Casillas
58%
Bayern Munich85Thomas Muller
58%
Juventus86Carlos Tevez
57%
Real Madrid85Luka Modric
56%
Borrusia Dortmund85Mats Hummels
55%
Juventus86Giorgio Chiellini
53%
Barcelona85Sergio Busquets
49%
Manchester United87Juan Mata
46%
Real Madrid85Xabi Alonso
46%
Fiorentina86Mario Gomez
43%
Chlesea85Petr Cech
42%
Juventus85Arturo Vidal
41%
Barcelona86Cesc Fabregas
38%
Barcelona85Pedro
37%
PSG85Ezequiel Lavezzi
33%
Arsenal85Santi Cazorla
30%
Chelsea85Ashley Cole
23%
Manchester City85Jesus Navas
23%

Score Distribution

Percentile by Number Answered

Percent of People with Each Score

Your Score History

You have not taken this quiz since the last reset